| 000 | 00387nam a2200145Ia 4500 | ||
|---|---|---|---|
| 008 | 220216s9999 xx 000 0 und d | ||
| 100 | _aRao Nageswara | ||
| 245 | 0 | _aPossible applications for remote sensing in rubber | |
| 260 |
_bPlanters Chronicle _c2003 |
||
| 300 | _a26-35 | ||
| 650 | _aElectromagnetic spectrum | ||
| 650 | _aRemote sensing | ||
| 650 | _aSoil survey | ||
| 942 | _cJS | ||
| 999 |
_c65342 _d65342 |
||